A to Z: Brazil - Statistics

General Stats
  • This quiz has been taken 30 times
  • The average score is 11 of 26
Answer Stats
Letter Hint Answer % Correct
A What is the name of the vast rainforest in Brazil, renowned for its incredible biodiversity and the river that flows through it, which is the largest river by discharge volume in the world? Amazon
100%
B What is the name of the capital city of Brazil, known for its modernist architecture, designed by the architect Oscar Niemeyer, and recognized as a UNESCO World Heritage Site for its unique urban planning? Brasilia
100%
C What is the name of the iconic statue located atop Mount Corcovado in Rio de Janeiro, Brazil, which stands 98 feet tall with open arms, symbolizing peace and welcoming visitors from around the world? Christ the Redeemer
100%
S What is the name of the Brazilian city that is the largest in the Southern Hemisphere, known for its economic influence, cultural diversity, and iconic Avenida Paulista? São Paulo
88%
N Which Brazilian footballer is widely regarded as one of the best players in the world, known for his skillful dribbling, creativity, and goal-scoring ability, and has played for clubs like Santos, Barcelona, and Paris Saint-Germain? Neymar
83%
M What is the name of the Brazilian city located in the heart of the Amazon rainforest, known as the main gateway to the Amazon River and famous for its iconic Amazon Theatre opera house? Manaus
79%
I What is the name of the stunning waterfall system located on the border between Brazil and Argentina, renowned for its breathtaking views and considered one of the largest and most famous waterfalls in the world? Iguazu Falls
71%
G Which Brazilian football club, based in Porto Alegre, is known for its distinctive blue, black, and white colors, has a strong rivalry with Internacional, and has won multiple Copa Libertadores titles? Grêmio
63%
J What Brazilian martial art and combat sport focuses on ground fighting and submission holds, emphasizing the principle of using leverage and technique to control opponents, and has gained international popularity? Jiu-Jitsu
63%
R What is the name of the city in northeastern Brazil known for its vibrant Carnival, historic colonial architecture, and extensive network of canals that has earned it the nickname "The Venice of Brazil"? Recife
63%
F What is the traditional Brazilian dish made from black beans, pork, and beef, typically served with rice, collard greens, and orange slices, and is considered a staple of Brazilian cuisine? Feijoada
42%
H What is the name of the famous Brazilian brand known for its colorful flip-flops, which has become a symbol of casual summer wear and is popular both in Brazil and internationally? Havaianas
42%
U What is the name of the naturally occurring element that Brazil has significant reserves of, which is important for nuclear energy production and has been a topic of discussion in the context of the country's energy policies? Uranium
42%
V Which Brazilian football club, founded in 1898 and based in Rio de Janeiro, is known for its iconic black and white striped jerseys and has a rich history, including winning multiple national championships and international titles? Vasco da Gama
42%
E What is the Portuguese word for "education," which is a key focus in Brazil concerning issues of access, quality, and reform in the educational system? Educação
38%
D Which historical figure is known as the first Emperor of Brazil, having declared the country's independence from Portugal on September 7, 1822, and played a significant role in shaping Brazil's early political landscape? Dom Pedro I
25%
T Who served as the President of Brazil from 2016 to 2018, initially taking office as Vice President and assuming the presidency following the impeachment of his predecessor, Dilma Rousseff? Michel Temer
25%
P Which Brazilian state is home to the easternmost point of the Americas, known as Ponta do Seixas, and features the historic city of João Pessoa, one of the oldest in Brazil? Paraíba
21%
Q What term refers to the settlements established by escaped slaves in Brazil, which hold significant cultural and historical importance for Afro-Brazilian heritage and identity? Quilombo
17%
L What is the name of the vibrant neighborhood in Rio de Janeiro known for its historic arches, lively nightlife, and as a cultural hub for samba music and dance? Lapa
13%
O Who is the Brazilian mixed martial artist, known for holding the record for the most submission victories in UFC history and for becoming the UFC Lightweight Champion in 2021? Charles Oliveira
8%
X What is the name of a significant river in Brazil that flows through the Amazon rainforest, known for its importance to local ecosystems and indigenous communities, and is also the name of a national park that protects the land and rights of indigenous peoples? Xingu
8%
K In Brazilian culture, what term is often used to refer to a wise person or shaman, typically associated with traditional healing practices and spiritual guidance? Kahuna
0%
W Which Brazilian multinational company, known for its production of electrical equipment, motors, and automation solutions, is recognized as one of the largest industrial equipment manufacturers in Latin America? WEG
0%
Y What is the name of the fragrant tropical tree native to Brazil, known for its yellow, star-shaped flowers that are used in perfumes and essential oils, and is commonly associated with aromatherapy and traditional medicine? Ylang-Ylang
0%
Z Which legendary Brazilian footballer, known for his skillful play and creativity on the field, was a star in the 1950 FIFA World Cup and remains one of Brazil's greatest players, often paving the way for future icons like Pelé? Zizinho
0%
No matching quizzes found
Score Distribution
Percent of People with Each Score
Percentile by Number Answered
Your Score History
You have not taken this quiz